01211nam a22001937a 450000500170000000800410001702000180005804000070007608200140008310000270009724500450012425000080016926000280017730000240020536500540022952007080028365000140099165000120100520260128091348.0260127b |||||||| |||| 00| 0 eng d a9788126477401 cAL a920bJOSB aJoseph Annamkutty Jose aBuried thoughtsb: one life many stories a23. aKeralabD C Booksc2025 a311p.bPBc21x14cm. aTFMR-87025b₹308.10c₹d₹308.10f14-01-2026 aBuried Thoughts : Each person’s life is a grand sum of a thousand tales, told and untold, with its uphills and downhills and with its bleakness and magnificence. Here, joseph is narrating his own life experience with staggering honesty and you feel that you are a part of the plot. They speak to us about love, remembrance, mistake and hope that motivate us to re-examine our lives and find meaning in it. With the turn of each page, the author gives off a sensation that no matter how dark dusk is, dawn is always waiting at the end of the horizon. However, his writing will captivate you till the end and force you to bring back the memories you have buried alive under the slab called “Life’’ aBiography aMemoirs